Tudományos közlemények írása és publikálása angol nyelven
Elmentve itt :
| Szerző: | |
|---|---|
| Dokumentumtípus: | Könyv |
| Megjelent: |
2020
|
| Kulcsszavak: | tudományos munka tudományos írás orvostudomány |
| Tárgyszavak: | |
| Online Access: | http://eta.bibl.u-szeged.hu/5179 |
| LEADER | 00742nnm a2200205 i 4500 | ||
|---|---|---|---|
| 001 | eta5179 | ||
| 005 | 20210311085125.0 | ||
| 008 | 210311s2020 hu o 0|| eng d | ||
| 040 | |a SZTE Elektronikus Tananyag Archívum |b hun | ||
| 041 | |a eng | ||
| 100 | 2 | |a Rápoltiné Keresztes Csilla | |
| 245 | 1 | 0 | |a Tudományos közlemények írása és publikálása angol nyelven |h [elektronikus dokumentum] / |c Rápoltiné Keresztes Csilla |
| 260 | |c 2020 | ||
| 300 | |a 128 | ||
| 516 | |a Book | ||
| 650 | 4 | |a Orvos- és egészségtudomány | |
| 695 | |a tudományos munka | ||
| 695 | |a tudományos írás | ||
| 695 | |a orvostudomány | ||
| 856 | 4 | 0 | |u https://eta.bibl.u-szeged.hu/5179/1/EFOP343_writing_and_publishing_in_english_dr_csilla_keresztes.pdf |z Dokumentum-elérés |